000
00262nam a2200109Ia 4500
005
20251222153522.0
008
251222s9999||||xx |||||||||||||| ||spa||
082
_a
REF.036/A44/2000
245
0
_a
Almanaque Universal 2000
264
_b
Navarrete S.A.
942
_c
LIB
999
_c
29776
_d
29776